| 000 | 00894nam a2200265 a 4500 | ||
|---|---|---|---|
| 005 | 20191224041521.0 | ||
| 008 | 140220b1991 sp a fr|||| 00| 0 spa d | ||
| 020 | _a842000717X | ||
| 040 |
_aCO-BoIAVH _cCO-BoIAVH |
||
| 041 | 0 | _aspa | |
| 044 | _ack | ||
| 082 | 0 | 4 |
_a615.321 _bB89e |
| 100 | 1 |
_aBruneton, Jean _eAutor |
|
| 245 | 1 |
_aElementos de fitoquímica y de farmacognosia _cJean Bruneton ; traducido por: Angel Villar del Fresno |
|
| 250 | _aPrimera edición | ||
| 260 |
_aZaragoza : _bEditorial Acribia , _c1991. |
||
| 300 |
_axviii, 594 páginas : _bIlustraciones; _c24 x 17 cm |
||
| 650 | 0 | 6 | _aFitoquímica |
| 650 | 0 | 6 | _aQuímica orgánica |
| 650 | 0 | 6 | _aPlantas medicinales |
| 650 | 0 | 6 | _aEspecies medicinales |
| 650 | 0 | 6 |
_aQuímica orgánica _xAlcaloides vegetales |
| 700 | 1 |
_aVillar del Fresno, Angel _eTraductor |
|
| 942 |
_cLIBRO _2ddc |
||
| 999 |
_c284 _d284 |
||